000 00979cam a22003617 4500
001 6182
003 DO-SdBNP
005 20210520114236.0
007 6182
008 090401s2007 sp | |||| 000 1 spa
015 _aMON0906
017 _a
_b
020 _a9780316160209
035 _a
040 _aBPMSU
_bspa
_cBPMSU
_e
041 1 _aspa
_h
080 _a
082 _a813.5
_bM612e
_222
100 1 _aMeyer, Stephenie
_d1973-
240 1 0 _aEclipse
_lEspañol
245 1 0 _aEclipse /
_h
_c Stephenie Meyer ; traducción de José Miguel Pallarés.
250 _a
260 _aNew York :
_bLittle Brown and Company,
_c2007
300 _a623 p. ;
_c24 cm
490 0 _aSaga Crepúsculo
590 _6Inventariado, 2021/VM
650 4 _aNovela estadounidense
650 _aVampiros
_vNovela
650 _aRelaciones interpersonales
_vNovela
650 _aMonstruos
_vNovelas
700 _aPallares, José Miguel,
_etr.
942 _2ddc
_cBK
999 _c10386
_d10386